000 00824nmm a2200313 a 4500
003 AR-BaBNM
005 20251128210956.0
008 062020s1998 ||||||||||||||000 | spa||
020 _a956-13-1566-1
040 _cAR-BaBNM
100 1 _aYunus, Muhammad
245 1 0 _aHacia un mundo sin pobreza
250 _a4ª ed.
260 _aSantiago de Chile
_bEditorial Andrés Bello
_c1998
300 0 _a333 p.
610 2 4 _aBanco Mundial
650 4 _aINVESTIGACION ECONOMICA
650 4 _aNORMAS INTERNACIONALES
650 4 _aTEORIA ECONOMICA
650 4 _aPOLITICA ECONOMICA
650 4 _aSISTEMAS ECONOMICOS INTERNACIONALES
650 4 _aBANCOS
650 4 _aHISTORIA ECONOMICA
650 4 _aLIBERALISMO
650 4 _aPOBREZA
700 1 _aAzócar, Pablo
_etraductor
942 _cBK
998 _cmariana
999 _c17711
_d17711